000 02240nam a2200409 a 4500
999 _c77481
_d77481
003 BLK
005 20241220095603.0
008 180408b bul|||||r ||||||| ||bul||
010 _aKNG00081938000
040 _aBLK
041 _aBUL
_cBUL
080 _aИстория на цивилизацията. История на културата
_b930.85
_x.000.17
_z930.85.000.17
080 _aЦивилизация. Култура. Прогрес. История на културата вж 930.85
_b008
_x.000.003
_z008.000.003
080 _aЕтнология. Етнография. Нрави. Обичаи. Бит. Фолклористика. Вж и 572 ; 903 ; 904
_b39
_z39
100 1 _aТодоров, Цветан
_eпърви автор
_gБоров, Цветан Тодоров
_9363479
139 _aТодоров, Цветан
_bТ 64
245 1 0 _aЗавладяването на Америка
_bВъпросът за другия : Изследвани
_cЦветан Тодоров; * Цветан Тодоров Боров; прев. от фр. Стоян Илиев Атанасов.
257 _aFRA
260 _aСофия
_bУнив. изд. Св. Климент Охридски
_c1992
300 _a248 с.
_bс ил.
_c22 см
380 _a9
490 _aБиблиотека Идеи
_9202260
500 _aОриг. загл. La conquete de l'Amerique. La question de l'autre / Tzvetan Todorov. - Библиогр. с. 244-248. - Пълното име на авт. е Цветан Тодоров Боров. - Кн. е изд. с конкурс на Нац. център за книгата
650 4 _aЦивилизация - история
_9250724
650 4 _aКултура - история и семиотика
_9298358
653 _aцивилизация
653 _aкултура
700 1 _aБоров, Цветан Тодоров
_e*
_9292734
700 1 _aАтанасов, Стоян Илиев
_934409
852 _aЦб 172190
_bЦб
856 4 _qpdf
_i0.00
_ldisable
856 4 _qpdf
_i0.00
_ldisable
942 _cKNG
_n0
_02
_s1
944 _aCR
_c29.02.2008
_k30560
_lГеновева Генчева
944 _aED
_c06.02.2017
_kЛюбка_Николова
999 _d77481